| 000 | 01659nam a22001577a 4500 | ||
|---|---|---|---|
| 999 |
_c518562 _d518562 |
||
| 008 | 210929b ||||| |||| 00| 0 eng d | ||
| 100 |
_aChiu, Ming Ming and Oh, Yu Won _929630 |
||
| 245 | _aHow fake news differs from personal lies | ||
| 260 | _aAmerican Behavioral Scientist | ||
| 300 | _a65(2), Feb, 2021: p.243-258 | ||
| 520 | _aPersonal lies (girl on date lying to dad) and fake news (Obama Bans Pledge of Allegiance) both deceive but in different ways, so they require different detection methods. People in long-term relationships try to tell undetectable lies to encourage, often, audience inaction. In contrast, unattached fake news welcome attention and try to ignite audience action. Thus, they differ in six ways: (a) speaker–audience relationship, (b) goal, (c) emotion, (d) information, (e) number of participants, and (f) citation of sources. To detect personal lies, a person can use their intimate relationship to heighten emotions, raise the stakes, and ask for more information, participants, or sources. In contrast, a person evaluates the legitimacy of potential fake news by examining the websites of its author, the people in the news article, and/or reputable media sources. Large social media companies have suitable expertise, data, and resources to reduce fake news. Search tools, rival news media links to one another’s articles, encrypted signature links, and improved school curricula might also help users detect fake news. – Reproduced | ||
| 650 |
_aFake news, Personal lies, Speaker–audience relationship, Social media _927810 |
||
| 773 | _aAmerican Behavioral Scientist | ||
| 906 | _aMASS MEDIA | ||
| 942 | _cAR | ||